Welcome to CU Library Online Public Access Catalogue (OPAC)

ANSWERS TO THE FIRST AID IN ENGLISH (Record no. 2451)

MARC details
000 -LEADER
fixed length control field 00412nam a22001577a 4500
005 - DATE AND TIME OF LATEST TRANSACTION
control field 20241218171743.0
008 - FIXED-LENGTH DATA ELEMENTS--GENERAL INFORMATION
fixed length control field 241218b |||||||| |||| 00| 0 eng d
020 ## - INTERNATIONAL STANDARD BOOK NUMBER
International Standard Book Number 9780716944102
050 ## - LIBRARY OF CONGRESS CALL NUMBER
Classification number PE 1112 MAC
100 ## - MAIN ENTRY--PERSONAL NAME
Personal name GIBSON, ROBERT
245 ## - TITLE STATEMENT
Title ANSWERS TO THE FIRST AID IN ENGLISH
Statement of responsibility, etc. ROBERT GIBSON
250 ## - EDITION STATEMENT
Edition statement REVISED
260 ## - PUBLICATION, DISTRIBUTION, ETC.
Place of publication, distribution, etc. GLASGOW
Name of publisher, distributor, etc. ROBERT GIBSON
Date of publication, distribution, etc. c1986
300 ## - PHYSICAL DESCRIPTION
Extent 64pages
942 ## - ADDED ENTRY ELEMENTS (KOHA)
Source of classification or shelving scheme Library of Congress Classification
Koha item type Books
Suppress in OPAC No
999 ## -
-- 2451
-- 2451
Holdings
Withdrawn status Lost status Source of classification or shelving scheme Damaged status Not for loan Collection Home library Current library Shelving location Date acquired Total checkouts Full call number Barcode Date last seen Copy number Price effective from Koha item type
    Library of Congress Classification     Non-fiction Undergraduate Library (Christ Temple) Undergraduate Library (Christ Temple) General stacks 12/18/2024   PE 1112 MAC ulct00000737 12/18/2024 1 12/18/2024 Books
© 2023-2024 Copyright: Central University Libraries. All Rights Reserved | Created by: Mahone Tech Office